Πολιτική οικονομικής ανάπτυξης : οικονομική και θεσμική προσέγγιση

Αποθηκεύτηκε σε:
Λεπτομέρειες βιβλιογραφικής εγγραφής
Κύριος συγγραφέας: Βαβούρας, Ιωάννης Σ., 1950-
Μορφή: Βιβλίο
Γλώσσα:Greek
Δημοσίευση: Αθήνα : Παπαζήσης, 2016.
Έκδοση:2η έκδ., βελτ.
Θέματα:
Ετικέτες: Προσθήκη ετικέτας
Δεν υπάρχουν, Καταχωρήστε ετικέτα πρώτοι!

MARC

LEADER 00000cam a2200000 a 4500
001 1/122995
008 210521s2016####gr | ||| |||| ||gre||
020 |a 9789600232271 
040 |a GR-MyUa  |b gre  |c GR-MyUa  |e AACR2 
041 0 |a gre 
082 7 |a 338.9   |2 (23) 
100 1 |a Βαβούρας, Ιωάννης Σ.,   |d 1950- 
245 1 0 |a Πολιτική οικονομικής ανάπτυξης :   |b οικονομική και θεσμική προσέγγιση /   |c Ιωάννης Σ. Βαβούρας.  
250 |a 2η έκδ., βελτ.  
260 |a Αθήνα :   |b Παπαζήσης,   |c 2016.  
300 |a 733 σ. :   |b πίν., σχεδιαγ. ;   |c 24 εκ.  
504 |a Βιβλιογραφία : σ. 722-733.  
650 0 |a Economic policy. 
650 0 |a Economic development. 
650 0 |a Economic conversion. 
852 |a INST  |b RHODES  |c EUDOXUS  |e 20210521  |h 338.9 ΒΑΒ  |p 005400042097  |q 005400042097  |t EDX  |y 0 
920 |a Εύδοξος  |b Παραγγελία   |y Ρόδος-ΤΜΣ  |z 2021-05 
970 |z 21-05-2021